Catálogo
 En Linea

¡Todo por Cuba! : (Registro nro. 21523)

Detalles MARC
000 -CABECERA
campo de control de longitud fija 01612nam a2200301 i 4500
001 - NÚMERO DE CONTROL
campo de control 000022025
003 - IDENTIFICADOR DEL NÚMERO DE CONTROL
campo de control DO-SdBNP
005 - FECHA Y HORA DE LA ÚLTIMA TRANSACCIÓN
campo de control 20260130084706.0
007 - CAMPO FIJO DE DESCRIPCIÓN FÍSICA--INFORMACIÓN GENERAL
campo de control de longitud fija ta
008 - DATOS DE LONGITUD FIJA--INFORMACIÓN GENERAL
campo de control de longitud fija 100916s1948 cu ac r 001 0dspa d
040 ## - FUENTE DE LA CATALOGACIÓN
Centro catalogador/agencia de origen DO-SdBNP
Lengua de catalogación spa
Centro/agencia transcriptor BNPHU
Normas de descripción rda
041 ## - CÓDIGO DE LENGUA
Código de lengua del texto/banda sonora o título independiente spa
082 #4 - NÚMERO DE LA CLASIFICACIÓN DECIMAL DEWEY
Número de clasificación 972.9106
Número de documento/Ítem H519t 1948
Número de edición 22
100 1# - ENTRADA PRINCIPAL--NOMBRE DE PERSONA
Nombre de persona Henríquez y Carvajal, Federico,
Fechas asociadas al nombre 1848-1952
Término indicativo de función/relación autor
Código de función/relación aut.
9 (RLIN) 7792
245 10 - MENCIÓN DE TÍTULO
Título ¡Todo por Cuba! :
Resto del título homenaje del Municipio de la Habana al preclaro dominicano, "gran amigo de Cuba," Federico Henríquez y Carvajal, con ocasión de cumplir cien años de vida gloriosa. 1848-Septiembre 16-1948 /
Mención de responsabilidad, etc. Federico Henríquez y Carvajal.
264 #1 - PRODUCCIÓN, PUBLICACIÓN, DISTRIBUCIÓN, FABRICACIÓN Y COPYRIGHT
Producción, publicación, distribución, fabricación y copyright La Habana :
Nombre del de productor, editor, distribuidor, fabricante Oficina del Historiador de la Ciudad,
Fecha de producción, publicación, distribución, fabricación o copyright 1948.
300 ## - DESCRIPCIÓN FÍSICA
Extensión 140 páginas :
Otras características físicas ilustraciones, retratos ;
Dimensiones 23 cm.
336 ## - TIPO DE CONTENIDO
Término de tipo de contenido texto
Código de tipo de contenido txt
Fuente rdacontent
337 ## - TIPO DE MEDIO
Nombre/término del tipo de medio sin mediación
Código del tipo de medio n
Fuente rda media
338 ## - TIPO DE SOPORTE
Nombre/término del tipo de soporte volumen
Código del tipo de soporte nc
Fuente rdacarrier
500 ## - NOTA GENERAL
Nota general Incluye referencias bibliográficas y notas al pie de las páginas.
505 0# - NOTA DE CONTENIDO CON FORMATO
Nota de contenido con formato Nota preliminar /
Mención de responsabilidad José Martí y Federico Henríquez y Carvajal /
Título Homenajes cubanos y continentales a Federico Henríquez y Carvajal --
-- Federico Henríquez y Carvajal: una conciencia dominicana al servicio de la emancipación de Cuba /
-- Una visita inolvidable a Don Federico /
-- Trabajos de Federico Henríquez y Carvajal sobre Cuba --
-- Mensaje a América en mi centenario.
590 ## - NOTA LOCAL (RLIN)
Nota local Inventariado, 2026/BT
651 #4 - PUNTO DE ACCESO ADICIONAL DE MATERIA--NOMBRE GEOGRÁFICO
Nombre geográfico Cuba
Subdivisión general Historia
Subdivisión cronológica 1878-1895
Subdivisión general Ensayos, conferencias, etc.
9 (RLIN) 34424
651 #4 - PUNTO DE ACCESO ADICIONAL DE MATERIA--NOMBRE GEOGRÁFICO
Nombre geográfico Cuba
Subdivisión general Biografías
9 (RLIN) 45664
910 ## - DATOS DE OPCIÓN DEL USUARIO (OCLC)
Datos de opción del usuario Validado. Control de calidad. EMS
942 ## - ELEMENTOS DE PUNTO DE ACCESO ADICIONAL (KOHA)
Fuente del sistema de clasificación o colocación Dewey Decimal Classification
Tipo de ítem Koha Libro
Existencias
Estado de retiro Estado de pérdida Fuente del sistema de clasificación o colocación Restricciones de uso No para préstamo Código de colección Localización permanente Ubicación/localización actual Ubicación en estantería Fecha de adquisición Total de préstamos Signatura topográfica completa Código de barras Fecha visto por última vez Precio válido a partir de Tipo de ítem Koha Fuente de adquisición Número de copia Nota pública
    Dewey Decimal Classification Excluido de préstamo   Patrimonio Dominicano Raros y Valiosos Biblioteca Nacional Pedro Henríquez Ureña Biblioteca Nacional Pedro Henríquez Ureña Depósito 16.09.2010   BNPHU PD-RV 972.9106 H519t 1948 22025-10 25.06.2020 25.06.2020 Libro      
    Dewey Decimal Classification Excluido de préstamo   Patrimonio Dominicano Raros y Valiosos Biblioteca Nacional Pedro Henríquez Ureña Biblioteca Nacional Pedro Henríquez Ureña Depósito 30.01.2026   BNPHU PD-RV 972.9106 H519t 1948 2026-0503 30.01.2026 30.01.2026 Libro Donado por la Presidencia de la República Dominicana 2023. e.2 Pertenecio a la biblioteca personal de Emilio Cordero Michel.
    Dewey Decimal Classification Préstamo en sala   Dominicana Referencia Raros y Valiosos Biblioteca Nacional Pedro Henríquez Ureña Biblioteca Nacional Pedro Henríquez Ureña Depósito 30.01.2026   BNPHU DS-RV 972.9106 H519t 1948 2026-0504 30.01.2026 30.01.2026 Libro Donado por la Presidencia de la República Dominicana 2023. e.3 Pertenecio a la biblioteca personal de Emilio Cordero Michel.

Con tecnología Koha